Joueurs Français en Conference League - Statistiques

Statistiques générales
  • Ce quiz a été pris 19 fois
  • Le résultat moyen est 5 sur 27
Statistiques - réponses
Club Poste Joueur % Correct
Crystal Palace BU Jean-Philippe Mateta
100%
Crystal Palace DC Maxence Lacroix
72%
RC Strasbourg DC Mamadou Sarr
61%
RC Strasbourg MOC Félix Lemaréchal
50%
FSV Mayence DD Anthony Caci
44%
RC Strasbourg DC Ismaël Doukouré
39%
Rayo Vallecano DC Florian Lejeune
33%
Crystal Palace DC Jaydee Canvot
28%
RC Strasbourg MC Mathis Amougou
22%
FSV Mayence AD Arnaud Nordin
17%
RC Strasbourg MDC Rabby Nzingoula
17%
Aberdeen FC MOC Adil Aouchiche
6%
Lausanne Sports AG Sékou Fofana
6%
Rapid Vienne DC Serge-Philippe Raux-Yao
6%
RC Strasbourg GK Stefan Bajic
6%
Samsunspor AD Tanguy Coulibaly
6%
Lausanne Sports AD Brandon Soppy
0%
Rapid Vienne BU Claudy Mbuyi
0%
Lausanne Sports BU Enzo Kana-Biyik
0%
Lausanne Sports MC Florent Mollet
0%
Lausanne Sports AD Hamza Abdallah
0%
Rapid Vienne BU Janis Antiste
0%
AEK Larnaca DG Jérémie Gnali
0%
Universitea Craiova MOC Lyes Houri
0%
Shelbourne FC DC Milan Mbeng
0%
Crystal Palace MC Nouirou Ahamada
0%
FC Noah Yerevan AG Virgile Pinson
0%
Aucun quiz correspondant
Distribution des résultats
% des personnes avec chaque résultat
Percentile par nombre de réponses
Votre historique - résultats
Vous n’avez pas pris ce quiz